NBA Career Franchise PPG Leaders - Statistics

General Stats
  • This quiz has been taken 276 times
    114 since last reset
  • The average score is 19 of 30
Answer Stats
Team Player PPG % Correct
Cleveland Cavaliers LeBron James 27.23
96%
Chicago Bulls Michael Jordan 31.48
95%
Boston Celtics Larry Bird 24.29
93%
Houston Rockets James Harden 29.57
88%
Miami Heat Dwyane Wade 22.74
86%
Dallas Mavericks Luka Doncic 28.68
85%
Golden State Warriors Wilt Chamberlain 41.45
83%
Milwaukee Bucks Kareem Abdul-Jabbar 30.43
81%
Oklahoma City Thunder Kevin Durant 27.40
81%
Atlanta Hawks Dominique Wilkins 26.41
78%
New Orleans Pelicans Anthony Davis 23.73
72%
Portland Trail Blazers Damian Lillard 25.20
72%
Phoenix Suns Devin Booker 24.30
72%
Brooklyn Nets Vince Carter 23.62
70%
Toronto Raptors Vince Carter 23.37
70%
Philadelphia 76ers Joel Embiid 27.88
67%
New York Knicks Carmelo Anthony 24.72
66%
Denver Nuggets Alex English 25.86
62%
Memphis Grizzlies Ja Morant 22.50
60%
Sacramento Kings Oscar Robertson 29.27
58%
Los Angeles Lakers Elgin Baylor 27.36
56%
San Antonio Spurs George Gervin 27.34
56%
Minnesota Timberwolves Karl-Anthony Towns 22.90
52%
Orlando Magic Penny Hardaway 19.02
52%
Los Angeles Clippers Bob McAdoo 28.25
50%
Utah Jazz Adrian Dantley 29.58
34%
Detroit Pistons Bob Lanier 22.74
27%
Washington Wizards Walt Bellamy 27.58
11%
Indiana Pacers Chuck Person 18.99
6%
Charlotte Hornets Terry Rozier 20.05
5%
No matching quizzes found
Score Distribution
Percent of People with Each Score
Percentile by Number Answered
Your Score History
You have not taken this quiz since the last reset